QUEST Central Library Banner

A Beginner's Guide to Using Starbase: HP 9000 Series 300/800 Computers (Record no. 9222)

MARC details
000 -LEADER
fixed length control field 00396nam a2200109 4500
082 ## - DEWEY DECIMAL CLASSIFICATION NUMBER
Classification number HEW
100 ## - MAIN ENTRY--AUTHOR NAME
Personal name Hewlet-Packard Company
245 ## - TITLE STATEMENT
Title A Beginner's Guide to Using Starbase: HP 9000 Series 300/800 Computers
260 ## - PUBLICATION, DISTRIBUTION, ETC. (IMPRINT)
Place of publication USA:
Name of publisher Hewlet-Packard Company,
Year of publication 1989.
856 ## - ELECTRONIC LOCATION AND ACCESS
Uniform Resource Identifier http://books.google.com.pk/books/about/A_Beginner_s_Guide_to_Using_Starbase.html?id=5CnptgAACAAJ&redir_esc=y
942 ## - ADDED ENTRY ELEMENTS (KOHA)
Koha item type Books
Holdings
Withdrawn status Lost status Home library Current library Date acquired Full call number Accession Number Koha item type
    Central Library, QUEST, Nawabshah Central Library, QUEST, Nawabshah 27/08/2014 HEW 19122 Books

Copyright © 2018,The QUEST, Nawabshah, Shaheed Benazirabad. All rights reserved
Mr. G. Farooq Channar (Librarian) QUEST, Nawabshah, Sindh, Pakistan 67480.
 Ph#: |   0244-9370381-4 Ext. 2308   Email| lib@quest.edu.pk   Web|  http://www.quest.edu.pk